Milwaukee Bucks 2020s Top 10 Leaders - Statistics

General Stats
  • This quiz has been taken 196 times
    28 since last reset
  • The average score is 11 of 19
Answer Stats
Player % Correct
Giannis Antetokounmpo
100%
Khris Middleton
100%
Brook Lopez
96%
Robin Lopez
92%
Damian Lillard
88%
Jrue Holiday
88%
Bobby Portis
85%
Pat Connaughton
58%
Donte DiVincenzo
54%
Kyle Kuzma
50%
Myles Turner
50%
Ryan Rollins
50%
Kevin Porter Jr.
46%
Thanasis Antetokounmpo
42%
Grayson Allen
35%
A.J. Green
31%
Andre Jackson Jr.
23%
George Hill
15%
Wesley Matthews
15%
No matching quizzes found
Score Distribution
Percent of People with Each Score
Percentile by Number Answered
Your Score History
You have not taken this quiz since the last reset